| 000 | 00747nam a2200229Ia 4500 | ||
|---|---|---|---|
| 999 |
_c40440 _d40440 |
||
| 001 | 7049 | ||
| 003 | GE_BSU | ||
| 005 | 20230929160910.0 | ||
| 008 | 181216s2011||||ge |||||||||||||| ||geo|| | ||
| 020 | _a9789941192593 (ტ.5) | ||
| 040 | _cGE_BSU | ||
| 041 | _ageo | ||
| 080 | _a821.353.1-31 ჯ-14 | ||
| 100 |
_aჯავახიშვილი, მიხეილ _91373 |
||
| 245 |
_aარსენა მარაბდელი (წ.2) : რომანი : _bტ. 5 პროზა / |
||
| 264 |
_aთბილისი : _bპალიტრა L, _c2011. |
||
| 300 |
_a400 გვ. ; _c20 სმ. |
||
| 490 |
_aჩემი რჩეული _xISSN 2233-3037 |
||
| 541 | _h10ლ. | ||
| 653 | _aრომანი | ||
| 942 |
_cBK _2udc |
||